000 00461nam a22001097a 4500
082 _a333
100 _aअग्रहरि,रवि पी
_973171
245 _aपर्यावरणीय पारिस्थितिकी, जेव विविधता, जलवायु परिवर्तन एवं आपदा प्रबंधन
260 _aChannai
_bMcGraw Hill
_c2023
650 _aपर्यावरण
_936465
942 _cHIN
999 _c66274
_d66274